000 00781nam a2200253 i 4500
001 19437
003 ES-MaACL
005 20240516063022.0
007 t|
008 020826s2002 sp ||||1| spa d
020 _a84-7702-385-9
080 _a821.111-32"18"
100 0 _aStevenson, Robert Louis,
_d1850-1894
_9108169
245 1 4 _aLas nuevas noches árabes ; El Dinamitero /
_cRobert Louis Stevenson ; traducción: José Luis Moreno Ruiz.
250 _a1ª ed.
260 _aMadrid :
_bValdemar,
_c2002.
300 _a563 p. ;
_c25 cm.
490 1 _aAvatares ;
_v49
700 1 _aMoreno Ruiz, José Luis.
_983430
740 3 _aEl dinamitero.
830 0 _aAvatares ;
_v49
_9179735
852 _aES-MaACL
_jL-25869
_bR.131662
999 _c19437
_d19437